00341nam a2200097Ia 4500008004100000100001900041245006600060260001800126999001700144952008200161170817s9999 xx 000 0 und d aDubey.Akhilesh 0aCommerialisation Of Education In India Policy Law And Justice bA. P. H. PUB. c38507d38507 00102ddc4070a07b07d2017-08-24l0p07-B-9572r2017-08-24w2017-08-24y01